Music Quiz

Random Music or Album Quiz
Score 0/26 Timer 10:00
0 Plays Today
% Correct
Alice's Restaurant
92.3%
Arlo
84.6%
Hobo's Lullaby
76.9%
Running Down the Road
69.2%
Last of the Brooklyn Cowboys
69.2%
Arlo Guthrie
61.5%
Amigo
61.5%
Washington County
46.2%
One Night
38.5%
Outlasting the Blues
38.5%
Precious Friend
38.5%
Someday
38.5%
Son of the Wind
38.5%
% Correct
Live in Sydney
38.5%
Together in Concert
30.8%
The Best of Arlo Guthrie
30.8%
Power of Love
30.8%
All Over the World
30.8%
Mystic Journey
30.8%
Tales of '69
30.8%
Alice's Restaurant: The Massacree Revisited
23.1%
This Land is Your Land
23.1%
32 cents
23.1%
Two Songs
15.4%
More Together Again
15.4%
Banjoman
15.4%
Remove Ads.
Support Sporcle.
Get the best of Sporcle when you Go Orange. This ad-free experience offers more features, more stats, and more fun while also helping to support Sporcle. Thank you for becoming a member.

You're not logged in!

Compare scores with friends on all Sporcle quizzes.
OR
Log In

Show Comments

Extras

Created Nov 20, 2010SourceReportNominate
Tags:Album Quiz, guthrie

Top Quizzes Today


Score Distribution

Your Account Isn't Verified!

In order to create a playlist on Sporcle, you need to verify the email address you used during registration. Go to your Sporcle Settings to finish the process.

Report this User

Report this user for behavior that violates our Community Guidelines.

Details: